Sejarah peradapan dunia

Bibliographic Details
Main Author: Yew Chee Wai
Format: Book
Published: Petaling Jaya : Sasbadi Sdn. Bhd. , 1996
Series:Target plus-plus SPM
Subjects:

MARC

LEADER 00000cam a2200000 7i4500
001 0000007548
002 000008109
005 20000330.0
020 |a 9830295052 
090 0 0 |a 909   |b YEW 
100 0 |a Yew Chee Wai 
245 1 0 |a Sejarah peradapan dunia   |c Yew Chee Wai 
260 |a Petaling Jaya :   |b Sasbadi Sdn. Bhd. ,   |c 1996 
300 |a 262p. :   |b 21cm 
490 0 |a Target plus-plus SPM 
650 0 0 |a History   |x SPM 
999 |a 052027   |b BUKU   |c RUJUKAN   |e PERPUSTAKAAN KOMUNITI PETALING JAYA 
999 |a 052028   |b BUKU   |c RUJUKAN   |e PERPUSTAKAAN KOMUNITI PETALING JAYA 
999 |a 052029   |b BUKU   |c RUJUKAN   |e PERPUSTAKAAN KOMUNITI PETALING JAYA 
999 |a 054875   |b BUKU   |c PINJAMAN   |e PERPUSTAKAAN KOMUNITI PETALING JAYA 
999 |a 054876   |b BUKU   |c PINJAMAN   |e PERPUSTAKAAN KOMUNITI PETALING JAYA